Museum exhibition : theory and practice

Αποθηκεύτηκε σε:
Λεπτομέρειες βιβλιογραφικής εγγραφής
Κύριος συγγραφέας: Dean, David
Μορφή: Βιβλίο
Γλώσσα:English
Δημοσίευση: London : Routledge, 1994
Σειρά:Heritage
Θέματα:
Ετικέτες: Προσθήκη ετικέτας
Δεν υπάρχουν, Καταχωρήστε ετικέτα πρώτοι!

MARC

LEADER 00000nam a2200000 i 4500
001 1/76140
008 050512s1994 eng d
020 |a 0-415-08016-9 (hbk) 
020 |a 0-415-08017-7 (pbk) 
035 |l 10077898 
040 |a GR-MY-UA  |b gre  |e aacr 
041 0 |a eng 
082 0 |a 069.5  |2 (21) 
100 1 |a Dean, David. 
245 1 0 |a Museum exhibition :  |b theory and practice /  |c David Dean 
260 |a London :   |b Routledge,   |c 1994 
300 |a xi, 177 σ.;  |b εικ.;  |c 25εκ. 
490 1 |a The heritage 
504 |a Περιέχει βιβλιογραφικές παραπομπές και ευρετήριο 
650 0 0 |a Exhibitions. 
650 0 0 |a Museum techniques. 
830 0 |a Heritage 
852 |a INST  |b LESVOS  |e 20050512  |h 069.5 DEA  |p 005100029786  |q 005100029786  |t BK  |y 0 
901 |a BIBL1-2005-2 
909 |a Λ  |b 113730 
920 |a ΔΙΕΥΡΥΝΣΗ  |b ΕΠΕΑΕΚ-ΠΤΕ  |y ΛΕΣΒΟΣ  |z 2004-10 
970 |a ΜΑΡΙΝΑΤΟΥ  |b ΜΥΡΣΙΝΗ  |z 2005/05/12